Politics of integration : (Record no. 12628)

MARC details
000 -LEADER
fixed length control field 00596cam a22001932 4500
001 - CONTROL NUMBER
control field 0000001611
005 - DATE AND TIME OF LATEST TRANSACTION
control field 20151217155812.0
008 - FIXED-LENGTH DATA ELEMENTS--GENERAL INFORMATION
fixed length control field 070319s xx 000 0 eng d
040 ## - CATALOGING SOURCE
Original cataloging agency KABU
Transcribing agency KABU
050 #0 - LIBRARY OF CONGRESS CALL NUMBER
Classification number HC860
Item number .P65
245 10 - TITLE STATEMENT
Title Politics of integration :
Remainder of title an East African documentary /
Statement of responsibility, etc. ed. by Donald Rothchild.
260 ## - PUBLICATION, DISTRIBUTION, ETC. (IMPRINT)
Place of publication, distribution, etc. Nairobi :
Name of publisher, distributor, etc. EAPH,
Date of publication, distribution, etc. 1968.
300 ## - PHYSICAL DESCRIPTION
Extent xxvii, 343 p.
651 #0 - SUBJECT ADDED ENTRY--GEOGRAPHIC NAME
Geographic name Africa, East
General subdivision Economic conditions.
-- 0000149950
700 1# - ADDED ENTRY--PERSONAL NAME
Personal name Rothchild, Donald.
-- 0000150495
908 ## - PUT COMMAND PARAMETER (RLIN)
Put command parameter 070319
950 ## - LOCAL HOLDINGS (RLIN)
-- 1
Holdings
Withdrawn status Lost status Source of classification or shelving scheme Not for loan Home library Current library Date acquired Total Checkouts Full call number Barcode Date last seen Date last checked out Price effective from Koha item type
    Library of Congress Classification   Kabarak, Main Campus Kabarak, Main Campus 17/12/2015 2 HC860 .P65 001903 17/08/2018 06/06/2018 17/12/2015 Africana Collection
Designed with assistance from East African Informatics Ltd